Vedecká konferencia pri príležitosti 50. výročia založenia SVŠT. Odbor Konštrukcie a dopravné stavby : zborník referátov. Bratislava, SR, 24. - 25. 3. 1988
Enregistré dans:
| Format: | Livre |
|---|---|
| Langue: | slovaque |
| Publié: |
Bratislava :
Slovenská vysoká škola technická v Bratislave, Stavebná fakulta,
1988
|
| Tags: |
Pas de tags, Soyez le premier à ajouter un tag!
|
MARC
| LEADER | 00000nam a22000003a 4500 | ||
|---|---|---|---|
| 001 | 0016387 | ||
| 003 | SK-STU | ||
| 005 | 20160810130934.8 | ||
| 007 | ta | ||
| 008 | 160810s ----xo-----e------100-0-----d | ||
| 040 | |a STU |b slo | ||
| 041 | 0 | |a slo | |
| 044 | |a xo | ||
| 245 | 1 | 0 | |a Vedecká konferencia pri príležitosti 50. výročia založenia SVŠT. Odbor Konštrukcie a dopravné stavby : |b zborník referátov. Bratislava, SR, 24. - 25. 3. 1988 |
| 260 | |a Bratislava : |b Slovenská vysoká škola technická v Bratislave, Stavebná fakulta, |c 1988 | ||
| 300 | |a 253 s. | ||
| 996 | |b 284V028479 |c V* 2366/sc-16 |l VVT |s A |a 24 |w 0016387_0001 | ||